Az Ügyvédek Reformszövetsége vacsorája
Elmentve itt :
| Dokumentumtípus: | Cikk |
|---|---|
| Megjelent: |
1930
|
| Sorozat: | Polgári jog : a hazai és külföldi magánjog és hiteljog szemléje
6 |
| Kulcsszavak: | Ügyvédek Reformszövetsége találkozó |
| Online Access: | http://misc.bibl.u-szeged.hu/5615 |
| LEADER | 00578nab a2200157 i 4500 | ||
|---|---|---|---|
| 001 | misc5615 | ||
| 005 | 20191106142614.0 | ||
| 008 | 170607s1930 hu o 0|| hun d | ||
| 040 | |a SZTE Miscellanea Repozitórium |b hun | ||
| 041 | |a hun | ||
| 245 | 0 | 3 | |a Az Ügyvédek Reformszövetsége vacsorája |h [elektronikus dokumentum] |
| 260 | |c 1930 | ||
| 300 | |a 415a | ||
| 490 | 0 | |a Polgári jog : a hazai és külföldi magánjog és hiteljog szemléje |v 6 | |
| 695 | |a Ügyvédek Reformszövetsége találkozó | ||
| 856 | 4 | 0 | |u http://misc.bibl.u-szeged.hu/5615/1/polgari_jog_1930_415a.pdf |z Dokumentum-elérés |